000 00628nam a2200229Ia 4500
003 OSt
005 20220927110019.0
006 a|||||r|||| 00| 0
007 ta
008 220926b |||||||| |||| 00| 0 eng d
024 _a121460
037 _cReference Collections
040 _aRTL
_cRTL
_beng
041 _2eng
_aeng
082 _a"Tp2,N36, G6"
111 _aTwelth all India Educational Conference (1936 : Gwalior)
_9375843
245 0 _aPresidential address of Iqbal Narain Gurtu
260 _c1936
650 _aEducation
942 _h"Tp2,N36, G6"
_cCC
999 _c695325
_d695325